LEADER 01256nam0 22002891i 450 001 UON00193667 005 20231205103225.317 010 $a88-14-05307-3 100 $a20030730d1995 |0itac50 ba 101 $aita 102 $aIT 105 $a|||| 1|||| 200 1 $aˆI ‰ Beni culturali e ambientali$fTommaso Alibrandi$gPiergiorgio Ferri 210 $aTerza edizione integralmente rifatta / con la collaborazione di Ilaria Alibrandi 215 $aMilano$cGiuffrè, 1995. XI, 774 p.$d23 cm. 410 1$1001UON00171313$12001 $a Commentario di Legislazione Amministrativa$fcoordinato da Franco Piga$g[et alii]$1210 $aMilano$cGiuffré 606 $aItalia$xBeni culturali$xConservazione$xStudi$3UONC035096$2FI 620 $aIT$dMilano$3UONL000005 700 1$aALIBRANDI$bTommaso$3UONV100485$034282 701 1$aFERRI$bPiergiorgio$3UONV100486$034283 712 $aGiuffrè$3UONV257275$4650 801 $aIT$bSOL$c20250704$gRICA 899 $aSIBA - SISTEMA BIBLIOTECARIO DI ATENEO$2UONSI 912 $aUON00193667 950 $aSIBA - SISTEMA BIBLIOTECARIO DI ATENEO$dSI TRA 0008 $eSI SC 29060 5 0008 996 $aBeni culturali e ambientali$935294 997 $aUNIOR